[Event "Benasque op 43rd"]
[Site "Benasque"]
[Date "2024.07.09"]
[Round "5"]
[White "De Nacimiento Montano, Angel"]
[Black "Vicente Ezeiza, Mikel"]
[Result "1/2-1/2"]
[WhiteElo "2222"]
[BlackElo "2024"]
[PlyCount "89"]
[EventDate "2024.07.05"]
[EventType "swiss"]
[EventRounds "10"]
[EventCountry "ESP"]
[SourceTitle "CBM 221 Extra"]
[Source "ChessBase"]
[SourceDate "2024.09.30"]
[SourceVersion "1"]
[SourceVersionDate "2024.09.30"]
[SourceQuality "1"]

1. d4 g6 2. e4 d6 3. Nc3 c6 4. g3 e5 5. Bg2 Bg7 6. Nge2 Nf6 7. h3 0-0 8. Be3 Re8 9. a4 exd4 10. Bxd4 Be6 11. Qd2 d5 12. exd5 Nxd5 13. Bxg7 Kxg7 14. Nxd5 Bxd5 15. Bxd5 Qxd5 16. Qxd5 cxd5 17. Kd2 Nc6 18. Rhe1 Re5 19. f4 Re6 20. Nc3 Rae8 21. Nb5 Rxe1 22. Rxe1 Rxe1 23. Kxe1 Kf6 24. Kd2 Ke6 25. c3 a6 26. Na3 d4 27. cxd4 Kd5 28. Kd3 Nxd4 29. Nc4 Nf5 30. g4 Nd6 31. Nxd6 Kxd6 32. Kd4 b6 33. g5 Ke6 34. Ke4 f5+ 35. Kd4 a5 36. Kc4 Kd6 37. h4 Kc6 38. b3 Kd6 39. Kb5 Kc7 40. b4 axb4 41. Kxb4 Kd6 42. Kc4 Kc6 43. Kd4 Kd6 44. Kc4 Kc6 45. Kd4 1/2-1/2

[Event "San Sebastian Gros op 28th"]
[Site "San Sebastian"]
[Date "2018.06.24"]
[Round "4"]
[White "Munoz Avila, Jose Luis"]
[Black "Vicente Ezeiza, Mikel"]
[Result "1/2-1/2"]
[WhiteElo "2183"]
[BlackElo "1961"]
[PlyCount "93"]
[EventDate "2018.06.22"]
[EventType "swiss"]
[EventRounds "9"]
[EventCountry "ESP"]
[SourceTitle "CBM 185 Extra"]
[Source "ChessBase"]
[SourceDate "2018.07.29"]
[SourceVersion "1"]
[SourceVersionDate "2018.07.29"]
[SourceQuality "1"]

1. d4 g6 2. c4 d6 3. e4 e5 4. d5 f5 5. exf5 Bxf5 6. Nc3 Nf6 7. Nge2 Bg7 8. Ng3 Nbd7 9. Bd3 Bxd3 10. Qxd3 0-0 11. 0-0 Nc5 12. Qc2 a5 13. Be3 Nfd7 14. Rfe1 Qh4 15. Nce4 Nxe4 16. Qxe4 Bf6 17. Rac1 b6 18. Re2 Qxe4 19. Nxe4 Kg7 20. g3 h6 21. Kg2 Be7 22. h4 Nf6 23. Nc3 Ng8 24. b3 g5 25. hxg5 Bxg5 26. Rh1 Bxe3 27. Rxe3 Rf7 28. Rf3 Raf8 29. Rxf7+ Rxf7 30. a3 Nf6 31. Re1 Kf8 32. b4 axb4 33. axb4 Rg7 34. f3 Kf7 35. Kf2 h5 36. Ra1 Kg6 37. Ra7 Re7 38. Nb5 Ne8 39. Ke3 Kf5 40. c5 bxc5 41. bxc5 Kf6 42. c6 Kf5 43. Nc3 Nf6 44. Ra4 Re8 45. Ra7 Re7 46. Ra4 Re8 47. Ra7 1/2-1/2

[Event "San Sebastian op 41st"]
[Site "San Sebastian"]
[Date "2018.03.25"]
[Round "3"]
[White "Aguero Jimenez, Luis Lazaro"]
[Black "Vicente Ezeiza, Mikel"]
[Result "1-0"]
[WhiteElo "2463"]
[BlackElo "1921"]
[PlyCount "71"]
[EventDate "2018.03.24"]
[EventType "swiss"]
[EventRounds "9"]
[EventCountry "ESP"]
[SourceTitle "CBM 183 Extra"]
[Source "ChessBase"]
[SourceDate "2018.04.19"]
[SourceVersion "1"]
[SourceVersionDate "2018.04.19"]
[SourceQuality "1"]

1. Nf3 g6 2. h4 Nf6 3. b3 Bg7 4. Bb2 d6 5. e3 e5 6. c4 Bg4 7. d3 Qe7 8. Nbd2 Nbd7 9. Be2 a5 10. a3 0-0 11. Ng5 Bxe2 12. Qxe2 c6 13. h5 h6 14. Ngf3 Nxh5 15. g4 Nhf6 16. g5 hxg5 17. Nxg5 Rfb8 18. Qf3 Nh5 19. Rxh5 gxh5 20. Qxh5 Nf8 21. 0-0-0 f6 22. Nge4 Ne6 23. Rg1 Kf8 24. Nf3 Qf7 25. Rg6 Ke7 26. Nh4 Rh8 27. Nf5+ Kd7 28. Qg4 Bf8 29. Rxf6 Qh5 30. Qxh5 Rxh5 31. Rf7+ Kd8 32. Nexd6 Bxd6 33. Nxd6 b6 34. f4 Rh1+ 35. Kc2 Rh2+ 36. Kb1 1-0

[Event "Gipuzkoako Jubenil Mailako Txapelketa"]
[Site "Errenteria"]
[Date "2011.12.26"]
[Round "3.3"]
[White "Vicente Ezeiza, Mikel"]
[Black "Sanchez Merino, Christian"]
[Result "1-0"]
[WhiteElo "1616"]
[BlackElo "1601"]
[PlyCount "103"]
[EventDate "2011.12.22"]
[EventType "swiss"]
[EventRounds "5"]
[EventCountry "ESP"]
[SourceTitle "EXT 2024"]
[Source "ChessBase"]
[SourceDate "2023.10.10"]
[SourceVersion "1"]
[SourceVersionDate "2023.10.10"]
[SourceQuality "1"]

1. e4 c5 2. Nf3 e6 3. d4 cxd4 4. Nxd4 Nf6 5. f3 a6 6. Be3 Be7 7. Nc3 d6 8. Be2 Qc7 9. 0-0 Nbd7 10. f4 b5 11. Bf3 Bb7 12. a3 Rc8 13. g4 Nc5 14. f5 e5 15. Nde2 Ncxe4 16. g5 Nxc3 17. Nxc3 Nd7 18. h4 Nb6 19. Bxb7 Qxb7 20. Bxb6 Qxb6+ 21. Kh2 h6 22. Qh5 Qe3 23. Rae1 Qd4 24. Rd1 Qc5 25. g6 f6 26. Qf3 b4 27. Ne2 bxa3 28. bxa3 0-0 29. Qb3+ Qc4 30. Kh3 Kh8 31. Qxc4 Rxc4 32. c3 Ra4 33. Ra1 d5 34. Ra2 Rc8 35. Rb1 Kg8 36. Rb6 Kf8 37. Kg3 Ke8 38. Rb3 Kd8 39. Rd2 Ra5 40. Nc1 Bxa3 41. Ra2 Bxc1 42. Rxa5 Ke8 43. Rxd5 Bf4+ 44. Kf3 Ra8 45. Rb7 Rc8 46. Rxg7 Rxc3+ 47. Ke2 Rc2+ 48. Ke1 Rb2 49. Rgd7 Rb8 50. g7 Rb1+ 51. Rd1 Rxd1+ 52. Kxd1 1-0

[Event "Gipuzkoa-ch U16"]
[Site "Donostia"]
[Date "2010.11.07"]
[Round "4.1"]
[White "Sanchez Merino, Christian"]
[Black "Vicente Ezeiza, Mikel"]
[Result "0-1"]
[WhiteElo "1624"]
[BlackElo "1659"]
[PlyCount "130"]
[EventDate "2010.10.17"]
[EventType "swiss"]
[EventRounds "5"]
[EventCountry "ESP"]
[SourceTitle "EXT 2024"]
[Source "ChessBase"]
[SourceDate "2023.10.10"]
[SourceVersion "1"]
[SourceVersionDate "2023.10.10"]
[SourceQuality "1"]

1. e4 d5 2. exd5 Qxd5 3. Nc3 Qa5 4. Bc4 Bf5 5. d3 c6 6. Qe2 e6 7. Bd2 Qc7 8. Nf3 Nd7 9. 0-0-0 0-0-0 10. Rde1 Bd6 11. h3 Ngf6 12. Kb1 h6 13. Bb3 Nc5 14. Nd4 Nxb3 15. Nxb3 Rhe8 16. Be3 Nd5 17. Nxd5 exd5 18. Qf3 Bg6 19. Qg4+ Kb8 20. Qa4 c5 21. Qg4 Qd7 22. Qxd7 Rxd7 23. Nxc5 Rc7 24. Nb3 Rec8 25. Nd4 Be5 26. Rc1 a6 27. a3 Ka8 28. Rhd1 Bd6 29. Nf3 Bc5 30. Bxc5 Rxc5 31. Ne5 R8c7 32. Nxg6 fxg6 33. Re1 Rd7 34. h4 Rc6 35. Re2 Rf6 36. Rce1 Rdf7 37. Rf1 Rf4 38. g3 Rf3 39. Ka2 Rxg3 40. fxg3 Rxf1 41. Re6 Rf6 42. Re7 Rf3 43. Rxg7 Rxg3 44. Rh7 h5 45. Rd7 Rg4 46. Rxd5 Rxh4 47. Re5 Rg4 48. Re1 h4 49. Kb3 h3 50. Kc3 h2 51. Rh1 Rg2 52. d4 Kb8 53. Kd3 g5 54. c4 g4 55. Ke3 g3 56. Rf1 Rg1 57. Rf8+ Ka7 58. Rh8 h1Q 59. Rxh1 Rxh1 60. Kf3 Rh4 61. Kxg3 Rxd4 62. c5 b6 63. b4 bxc5 64. bxc5 Ra4 65. c6 Kb6 0-1

[Event "San Sebastian Primavera de Gros op 6th"]
[Site "San Sebastian"]
[Date "2010.04.24"]
[Round "1"]
[White "Guijarro Galan, Jose Luis"]
[Black "Vicente Ezeiza, Mikel"]
[Result "1-0"]
[WhiteElo "2104"]
[BlackElo "1674"]
[PlyCount "59"]
[EventDate "2010.04.24"]
[EventType "swiss"]
[EventRounds "8"]
[EventCountry "ESP"]
[SourceTitle "EXT 2024"]
[Source "ChessBase"]
[SourceDate "2023.10.10"]
[SourceVersion "1"]
[SourceVersionDate "2023.10.10"]
[SourceQuality "1"]

1. e4 d5 2. Nc3 d4 3. Nce2 e5 4. d3 Nc6 5. f4 f6 6. Nf3 Bg4 7. Ng3 Bb4+ 8. Kf2 Qd6 9. fxe5 fxe5 10. Be2 0-0-0 11. Rf1 Nf6 12. Kg1 Rhf8 13. h3 Nh5 14. Nxh5 Bxh5 15. a3 Ba5 16. b4 Bb6 17. Bd2 h6 18. Rb1 g5 19. a4 a6 20. b5 axb5 21. Rxb5 Bxf3 22. Bxf3 Qa3 23. Qb1 Qxa4 24. Qb2 Qa7 25. Bg4+ Kb8 26. Ra1 Ba5 27. Bxa5 Nxa5 28. Rbxa5 Qxa5 29. Rxa5 Rd6 30. Qa3 1-0

[Event "San Sebastian op 33rd"]
[Site "San Sebastian"]
[Date "2010.03.31"]
[Round "4"]
[White "Vicente Ezeiza, Mikel"]
[Black "Fernandez Lopez, Ivan"]
[Result "1-0"]
[WhiteElo "1674"]
[BlackElo "1472"]
[PlyCount "87"]
[EventDate "2010.03.28"]
[EventType "swiss"]
[EventRounds "9"]
[EventCountry "ESP"]
[SourceTitle "CBM 135 Extra"]
[Source "ChessBase"]
[SourceDate "2010.05.04"]
[SourceVersion "1"]
[SourceVersionDate "2010.05.04"]
[SourceQuality "1"]

1. e4 d5 2. exd5 Qxd5 3. Nc3 Qa5 4. Bc4 Nf6 5. d3 c6 6. Bd2 Qc7 7. Nf3 Bf5 8. Qe2 e6 9. Nd4 Be7 10. h3 0-0 11. g4 Bg6 12. Bxe6 fxe6 13. Nxe6 Qd7 14. Nxf8 Bxf8 15. 0-0-0 Na6 16. Be3 Bf7 17. Ne4 Nd5 18. a3 b5 19. c4 Ndc7 20. c5 b4 21. d4 bxa3 22. bxa3 Rb8 23. Ng5 Bg6 24. Qc4+ Kh8 25. f4 Bxc5 26. f5 Bxa3+ 27. Kd2 Rb2+ 28. Ke1 Bb4+ 29. Bd2 Qe7+ 30. Qe2 Bxd2+ 31. Rxd2 Rb1+ 32. Rd1 Rxd1+ 33. Kxd1 Qxe2+ 34. Kxe2 Be8 35. Ne6 Nxe6 36. fxe6 Nc7 37. e7 Kg8 38. Rf1 Ne6 39. Ke3 a5 40. Ke4 Bf7 41. Ke5 a4 42. Kd6 a3 43. Kd7 a2 44. Rxf7 1-0